000 00517nam a2200193Ia 4500
008 120911t2000 xxu||||| |||| 00| 0 sin d
041 _asin
080 _a8-31 (eng)
_bSTA
100 _aStandish,Robert
245 _aඅලිපාර
246 _aAlipara
260 _aSuriya Publishers
_aColombo
_c2000
300 _b272p, 21 cm
500 _aSinhalese Translation Of R.Standish's of Elephant Walk
700 _aKolonnage,E
_etr.
942 _cBK
999 _c40274
_d40274
003 LK-CoDNM
040 _aLK-CoDNM
_dLK-CoDNM
_eLK-CoDNM